00728nam a22002057a 450000500170000001000150001702000260003203500140005803700130007208200120008510000160009724500560011326000640016927000540023330000210028770000350030894200260034399900190036995201340038820231122125215.0 aENG-138285 c400.00a9788170547006 aEN-121817 bDBAD/PUB a649.122 aRenu958958 aMother's Relation to new born baby/cby Renu kumari aKarampurabB. K. Taneja Classical Publishing Companyc2016 bNew Delhia28- Shopping Center, Karampurae110015 a128p.c23cm (hb) aBanik , Sharmila Dutta 958942 2ddccENh649.122mREN c198819d198819 001040708NFICaBNbBNd2023-10-18eDBAD/PUBg400.00l0o649.122 RENpEN-121817r2023-10-18 00:00:00t1v400.00w2023-10-18yEN